书目信息 |
| 题名: |
伊阿诺斯,或双头鹰
|
|
| 作者: | 刘文飞 著 | |
| 分册: | ||
| 出版信息: | 北京 中国社会科学出版社 2006 |
|
| 页数: | 393页 | |
| 开本: | 21cm | |
| 丛书名: | ||
| 单 册: | ||
| 中图分类: | I512.09 | |
| 科图分类: | ||
| 主题词: | 文学流派--研究--俄罗斯 , 文学流派 | |
| 电子资源: | ||
| ISBN: | 7-5004-5907-6 | |
| 000 | 01022nam0 2200253 450 | |
| 001 | 003338770 | |
| 005 | 20070805093228.87 | |
| 010 | @a7-5004-5907-6@dCNY32.00 | |
| 100 | @a20060124d2006 em y0chiy0110 ea | |
| 101 | 0 | @achi |
| 102 | @aCN@b110000 | |
| 105 | @ay z 000yy | |
| 200 | 1 | @a伊阿诺斯,或双头鹰@9yi a nuo si , huo shuang tou ying@e俄国文学和文化中斯拉夫派和西方派的思想对峙@f刘文飞著 |
| 210 | @a北京@c中国社会科学出版社@d2006 | |
| 215 | @a393页@d21cm | |
| 300 | @a中国社会科学院出版基金资助 河南大学外语学院优秀学术著作出版基金资助 | |
| 330 | @a本书内容包括:斯拉夫派概述、西方派概述、伊凡四世与库尔勃斯基的通信论争、阿瓦库姆的《生活纪》、别林斯基与果戈里的书信论争等。 | |
| 517 | 1 | @a俄国文学和文化中斯拉夫派和西方派的思想对峙@9e guo wen xue he wen hua zhong si la fu pai he xi fang pai de si xiang dui zhi |
| 606 | 0 | @a文学流派@x研究@y俄罗斯 |
| 606 | 0 | @a文学流派 |
| 690 | @aI512.09@v4 | |
| 701 | 0 | @a刘文飞@9liu wen fei@f(1959~)@4著 |
| 801 | 0 | @aCN@bNLC@c20070805 |
| 905 | @a10447@dI512.09@e573 | |
| 伊阿诺斯,或双头鹰:俄国文学和文化中斯拉夫派和西方派的思想对峙/刘文飞著.-北京:中国社会科学出版社,2006 |
| 393页;21cm |
| 中国社会科学院出版基金资助 河南大学外语学院优秀学术著作出版基金资助 |
| ISBN 7-5004-5907-6:CNY32.00 |
| 本书内容包括:斯拉夫派概述、西方派概述、伊凡四世与库尔勃斯基的通信论争、阿瓦库姆的《生活纪》、别林斯基与果戈里的书信论争等。 |
| ● |
| 相关链接 |
|
|
|
|
正题名:伊阿诺斯,或双头鹰
索取号:I512.09/573
 
预约/预借
| 序号 | 登录号 | 条形码 | 馆藏地/架位号 | 状态 | 备注 |
| 1 | 0807389 | 208073895 | 第一样本阅览室/ [索取号:I512.09/573] | 在馆 | |
| 2 | 0807390 | 208073902 | 第二借阅区/ [索取号:I512.09/573] | 在馆 | |
| 3 | 0807391 | 208073911 | 第二借阅区/ [索取号:I512.09/573] | 在馆 | |
| 4 | 0807392 | 208073920 | 第二借阅区/ [索取号:I512.09/573] | 在馆 | |
| 5 | 0807393 | 208073939 | 第二借阅区/ [索取号:I512.09/573] | 在馆 | |
| 6 | 0807394 | 208073948 | 第二借阅区/ [索取号:I512.09/573] | 在馆 | |
| 7 | 0807395 | 208073957 | 第二借阅区/ [索取号:I512.09/573] | 在馆 | |
| 8 | 0807396 | 208073966 | 第二借阅区/ [索取号:I512.09/573] | 在馆 | |
| 9 | 0807397 | 208073975 | 第二借阅区/ [索取号:I512.09/573] | 在馆 | |
| 10 | 0807398 | 208073984 | 第二借阅区/ [索取号:I512.09/573] | 在馆 |